Reward. Upper-intermediate; Student's Book

গ্রন্থ-পঞ্জীর বিবরন
প্রধান লেখক: Greenall S. Simon
ভাষা:ইংরেজি
প্রকাশিত: Oxford, Heinemann, 1997
বিষয়গুলি:
বিন্যাস: অজ্ঞাত
KOHA link:https://koha.lib.tpu.ru/cgi-bin/koha/opac-detail.pl?biblionumber=10444

MARC

LEADER 00000nmm0a2200000 4500
001 10444
005 20231030183020.0
010 |a 0435242350 
035 |a (RuTPU)RU\TPU\book\10505 
035 |a BOOK00010570 
090 |a 10444 
100 |a 20011209d1997 m y0engy50 ba 
101 0 |a eng 
102 |a GB 
105 |a y j 000zy 
200 1 |a Reward. Upper-intermediate  |a Student's Book  |f S. Greenall 
210 |a Oxford  |c Heinemann  |d 1997 
215 |a 123 p.  |e Приложение: 2 кассеты. 
610 1 |a английский язык 
610 1 |a учебные пособия 
610 1 |a кассеты 
686 |a Ш143.21-923  |v LBC/SL-A  |2 rubbk 
700 1 |a Greenall  |b S.  |g Simon 
801 0 |a RU  |b 63413507  |c 20011209  |g PSBO 
801 2 |a RU  |b 63413507  |c 20230614  |g PSBO 
942 |c MX